000 00264nam a22001217a 4500
008 181005b xxu||||| |||| 00| 0 eng d
041 _aeng
080 _a101
100 _a24
101 _aFIL
245 _aThe Tryal of the Witnesses
_cSherlock
942 _2udc
_cBK
999 _c48871
_d48871